00827cam a2200217 a 450000100100000000500170001000800410002702000150006803500190008303500200010204000310012208200190015310000270017224501420019926000840034130000280042550400340045365000520048765000440053970000260058300001298620200929163120.0960717s1995 mx a b 000 0 spa d a9686075585 a(DLC) 96170067 a(OCoLC)33297664 aDO-SdBNPcCSdSdDLCdBNPHU a362.294bR175p1 aRamos, José María.14aLas políticas antidrogas y comercial de Estados Unidos en la frontera con México /cJosé María Ramos ; edición, Óscar Tienda. aTijuana, Baja California, (México) :bEl Colegio de la Frontera Norte,c1995. a133 p. :bil. ;c23 cm. aBibliografía: (p. 127-133). 4aControl de drogas y narcoticoszEstados Unidos. 4aControl de drogas y narcoticoszMexico.1 aTienda, Óscar,eed.